Central Library OPAC University of Rajshahi

Problem and prospect of women education In Bangladesh : (Record no. 80466)

MARC details
000 -LEADER
fixed length control field 00950nam a22002417a 4500
001 - CONTROL NUMBER
RUCL Control Number 80466
003 - CONTROL NUMBER IDENTIFIER
rucl marc code BD-RjUL
005 - DATE AND TIME OF LATEST TRANSACTION
control field 20230707170608.0
008 - FIXED-LENGTH DATA ELEMENTS--GENERAL INFORMATION
fixed length control field 220929s2010 bg a|||| m||| 00| 0 eng d
035 ## - SYSTEM CONTROL NUMBER
system control number (BD-RjUL)80466
040 ## - CATALOGING SOURCE
Original cataloging agency BD-RjUL
Language of cataloging eng
Transcribing agency BD-RjUL
Modifying agency BD-RjUL
041 ## - LANGUAGE CODE
Language code of Book eng
082 ## - DEWEY DECIMAL CLASSIFICATION NUMBER
DDC Edition number 23
Classification number 371.822
Author mark and Year ISP 2010
100 ## - MAIN ENTRY--PERSONAL NAME
Personal name Islam, Md. Soriful
9 (RLIN) 5074
245 10 - TITLE STATEMENT
Title Problem and prospect of women education In Bangladesh :
Remainder of title A Study on Sadar Upazila Chapainawabgonj District /
Statement of responsibility, etc By Md. Soriful Islam ;
Name of Supervisor/Co-Supervisor Supervisor : M. Aminur Rahman
260 ## - PUBLICATION, DISTRIBUTION, ETC. (IMPRINT)
Place of publication, distribution, etc Rajshahi :
Name of publisher, distributor, etc Institute of Education and Research, University of Rajshahi,
Date of publication, distribution, etc 2010
300 ## - PHYSICAL DESCRIPTION
Pagination xiv, 120 leaves :
Other physical details ill, ;
Dimensions 29.cm.
502 ## - DISSERTATION NOTE
Dissertation note Thesis (M. Phil.) -- ,Institute of Education and Research, University of Rajshahi, 2010
504 ## - BIBLIOGRAPHY, ETC. NOTE
Bibliography, etc Bibliography : Leaves 111 - 117
650 ## - SUBJECT ADDED ENTRY--TOPICAL TERM
Topical term or geographic name as entry element Education of Females
9 (RLIN) 5075
700 ## - ADDED ENTRY--SUPERVISOR/CO-SUPERVISOR NAME
Personal name Rahman. M. Aminur, Supervisor
9 (RLIN) 5076
942 ## - ADDED ENTRY ELEMENTS (KOHA)
Source of classification or shelving scheme Dewey Decimal Classification
Koha item type Theses
Holdings
Source of classification or shelving scheme Damaged status Not for loan Collection code Permanent Location Current Location Shelving location Date of accession Source of acquisition Total Checkouts Full call number Barcode Date last seen Copy number Thesis
Dewey Decimal Classification   Not For Loan Theses Central Library, University of Rajshahi Central Library, University of Rajshahi Documentation Section 01/01/2012 Controller of Exam. R.U.   THE 371.822 ISP 2010 D3305 29/09/2022 C-1 Theses